Schaum's outline of theory and problems of plane and spherical trigonometry
Αποθηκεύτηκε σε:
| Κύριος συγγραφέας: | |
|---|---|
| Μορφή: | Βιβλίο |
| Γλώσσα: | English |
| Δημοσίευση: |
New York :
Schaum's Pub,
c1954
|
| Σειρά: | Schaum's outline series
|
| Θέματα: | |
| Ετικέτες: |
Προσθήκη ετικέτας
Δεν υπάρχουν, Καταχωρήστε ετικέτα πρώτοι!
|
MARC
| LEADER | 00000cam a2200000 i 4500 | ||
|---|---|---|---|
| 001 | 1/7514 | ||
| 008 | 100517s1954 eng d | ||
| 035 | |l 10107889 | ||
| 040 | |a GR-MY-UA |b gre |e aacr | ||
| 041 | 0 | |a eng | |
| 082 | 0 | |a 516.242 |2 (22) | |
| 100 | 1 | |a Ayres, Frank, |d 1901-1994. | |
| 245 | 1 | 0 | |a Schaum's outline of theory and problems of plane and spherical trigonometry / |c by Frank Ayres |
| 260 | |a New York : |b Schaum's Pub, |c c1954 | ||
| 300 | |a 207 σ.; |b εικ.; |c 28 εκ. | ||
| 490 | 1 | |a Schaum's outline series | |
| 505 | 0 | |a Including 680 solved problems, completely solved in detail | |
| 650 | 0 | 0 | |a Plane trigonometry. |
| 830 | 0 | |a Schaum's outline series | |
| 852 | |a INST |b SAMOS |c MAG |e 20100517 |h 516.242 AYR |p 005300031894 |q 005300031894 |t BK |y 0 | ||
| 901 | |a BIBL3-2010-2 | ||
| 909 | |a Σ |b 162309 | ||
| 970 | |a ΣΙΤΖΙΜΗ |b ΓΙΑΣΕΜΗ |z 2010/05/17 | ||